Eugene Grandet and the cur of tours

Guardat en:
Dades bibliogràfiques
Autor principal: Balzac, Honore de
Format: Llibre
Idioma:Undetermined
Publicat: Washington, Estados Unidos Riberside Press Cambridge 1964
Matèries:
Etiquetes: Afegir etiqueta
Sense etiquetes, Sigues el primer a etiquetar aquest registre!

MARC

LEADER 00000nam a2200000Ia 4500
008 170316s9999 xx 000 0 und d
040 |a cru BVZT 
090 |a 840 B-2eu 
100 |a Balzac, Honore de 
245 |a Eugene Grandet and the cur of tours 
260 |a Washington, Estados Unidos 
260 |b Riberside Press Cambridge 
260 |c 1964 
300 |a 246 páginas 
650 |a LITERATURA FRANCESA 
999 |c 7520  |d 7520 
942 |c 15 D  |h 840 B-2eu  |2 z